00458nam a2200205Ia 450000500170000000800460001702000180006303700100008104000080009104000080009904000080010704100080011504100080012308400080013124500110013926000310015026000090018165000130019085600490020320260306150716.0008 260114s9999 xx 000 0 eng d a9781400873333 aEbook aCRL beng cCRL 2eng aeng qCRL 0aThrive bPrinceton University Press c2016 aMedicine uhttps://www.degruyter.com/isbn/9781400873333